Morphology of flowering plant (Record no. 8486)

MARC details
000 -LEADER
fixed length control field 00622nam a22001577a 4500
020 ## - INTERNATIONAL STANDARD BOOK NUMBER
ISBN 9789988250447
050 ## - CALL NUMBER
Classification number QK641
Item number .B44
100 ## - AUTHOR
Personal name Bennett- Lartey, S. O.
245 ## - TITLE
Title Morphology of flowering plant
Statement of responsibility, etc Bennett- Lartey, S. O.
260 ## - PUBLICATION INFORMATION
Place of publication Tema, Ghana
Name of publisher Digibooks Ghana Lte
Year of publication 2018
300 ## - DESCRIPTION
Number of Pages iv, 167p.
Other physical details ill.
Dimensions 24cm.
505 ## - FORMATTED CONTENTS NOTE
Table of Content 1. The root<br/>2. The stem<br/>3. The leaf<br/>4. Defensive mechanisms in plants<br/>5. The inflorescence<br/>6. The Flower<br/>7. Pollination<br/>8. Fertilization<br/>9. The seed<br/>10. The Fruit<br/>11. Dispersal of seeds and fruits<br/>
650 ## - SUBJECTS
Topical Term Plant morphology
942 ## - ADDED ENTRY ELEMENTS (KOHA)
Koha item type Books
Holdings
Withdrawn status Lost status Collection code Home library Current library Shelving location Date acquired Source of acquisition Full call number Accession Number Koha item type
    Reference Methodist University Library Wenchi Faculty Methodist University Library Wenchi Faculty General Stacks 01/09/2025 University of Ghana Book Shop (Main) QK641 .B44 9079 Books
    Reference Methodist University Library Wenchi Faculty Methodist University Library Wenchi Faculty General Stacks 01/09/2025 University of Ghana Book Shop (Main) QK641 .B44 9080 Books
Copyright © 2026  MUG Library